Państwa ze swoim najwyższym szczytem. - Statystyki

Ogólne statystyki
  • Ten quiz został rozwiązany 29 razy
    27 od ostatniego zresetowania
  • Średni wynik to 14 z 20
Statystyki odpowiedzi
Szczyt Państwo % Poprawnych
Mount Everest (8849) Chiny / Nepal
100%
Mont Blanc (4805) Francja / Włochy
89%
Rysy (2499) Polska
89%
Aconcagua (6960) Argentyna
85%
Góra Kościuszki (2228) Australia
85%
Śnieżka (1603) Czechy
85%
Gerlach (2655) Słowacja
85%
Mitikas/Olimp (2917) Grecja
81%
Kilimandżaro (5895) Tanzania
78%
K2 (8611) Pakistan
74%
Fudżi (3776) Japonia
70%
Elbrus (5642) Rosja
70%
Zugspitze (2962) Niemcy
63%
Moldoveanu (2544) Rumunia
63%
Mount Logan (5959) Kanada
59%
Denali (6190) Stany Zjednoczone
56%
Pico del Teide (3715) Hiszpania
52%
Ararat (5137) Turcja
52%
Howerla (2061) Ukraina
48%
Musała/Riła (2925) Bułgaria
37%
Nie znaleziono quizów pasujących do podanych kryteriów
Rozkład punktacji
Procent ludzi z każdym wynikiem
Percentyl według liczby udzielonych odpowiedzi
Twoja historia wyników
Nie rozwiązałeś tego quizu od ostatniego zresetowania